Jugadores Bélgica #3 - Estadísticas

Estadísticas generales
  • Esta prueba ha sido intentada 7 veces
  • La puntuación promedio es 2 de 20
Estadísticas de respuestas
Imagen Respuesta % Correcto
Origi
86%
Bornauw
57%
Kaminski
29%
Vandevoordt
29%
Mechele
14%
Ngonge
14%
Stroeykens
14%
Balikwisha
0%
Castro Montes
0%
Engels
0%
Keita
0%
Lammens
0%
Lynen
0%
Rits
0%
Roef
0%
Schoofs
0%
Smets
0%
Steuckers
0%
Vanhoutte
0%
Vertessen
0%
No se encontraron pruebas coincidentes
Distribución de puntuación
Porcentaje de gente con cada puntuación
Porcentaje por número respondido
Historial de tus puntuaciones
No has intentado esta prueba.